000 00591nam a2200169Ia 4500
003 GCL
008 140319s9999 xx 000 0 ara d
040 _aGCL /
_cGCL
082 0 4 _a929.7
_bم ا
100 1 _aمحمد يونس العبادى
245 1 0 _aالامير شاكر بن زيد ( 1885 - 1934 ): سيرته ومسيرته من خلال الوثائق التاريخية /
_cمحمد يونس العبادى
300 _a218 ص
490 _aالهيئة العامة للاستعلامات
_v0
650 0 4 _aالتراجم
650 0 4 _aشاكر بن زيد
942 _2ddc
_cBK
999 _c49757
_d49757